Religion catholique : O mon Jésus - Prière de Fatima - Statistiques

Statistiques générales
  • Ce quiz a été pris 186 fois
  • Le résultat moyen est 24 sur 32
Statistiques - réponses
Prière % Correct
Jésus,
100%
mon
96%
O
96%
l'
84%
de
82%
de
82%
qui
82%
nous
80%
nous
80%
du
78%
enfer
78%
et
78%
le
78%
les
78%
Amen
76%
âmes
76%
au
76%
feu
73%
nos
73%
ont
73%
besoin
71%
ciel,
71%
pardonnez-
71%
péchés,
71%
préservez-
71%
celles
69%
plus
69%
surtout
69%
toutes
69%
miséricorde.
67%
Votre
67%
conduisez
62%
Aucun quiz correspondant
Distribution des résultats
% des personnes avec chaque résultat
Percentile par nombre de réponses
Votre historique - résultats
Vous n’avez pas pris ce quiz